اردوادب کااؤلین نقاد مولاناباقرآگاہ ویلوری / (Record no. 42531)

MARC details
000 -LEADER
fixed length control field 00969nam a22002417a 4500
005 - DATE AND TIME OF LATEST TRANSACTION
control field 20100819121450.0
008 - FIXED-LENGTH DATA ELEMENTS--GENERAL INFORMATION
fixed length control field 090109t xxu||||| |||| 00| 0urd d
010 ## - LCCN (DPL NO)
LC control number UR-7781
020 ## - INTERNATIONAL STANDARD BOOK NUMBER
Terms of availability 400.00
035 ## - SYSTEM CONTROL NUMBER
System control number U-6336
040 ## - CATALOGING SOURCE
Original cataloging agency dpl
Language of cataloging urd
082 ## - DEWEY DECIMAL CLASSIFICATION NUMBER
Classification number 843.08
100 ## - MAIN ENTRY--PERSONAL NAME
9 (RLIN) 12785
Personal name علیم صبا نویدی
245 ## - TITLE STATEMENT
Title اردوادب کااؤلین نقاد مولاناباقرآگاہ ویلوری /
Statement of responsibility, etc علیم صبا نویدی
246 ## - VARYING FORM OF TITLE
Title proper/short title Urdu Adab Ka Awwaleen Naqqaad Moulana Baqar Agaah Vellori /
Remainder of title by Aleem Saba Naveedi
260 ## - PUBLICATION, DISTRIBUTION, ETC. (IMPRINT)
Place of publication, distribution, etc چننائ
Date of publication, distribution, etc 2009
Name of publisher, distributor, etc ٹمل ناڈو اردو پبلی کیشنز
270 ## - ADDRESS
Address Aleem Saba Naveedi
City Chennai
300 ## - PHYSICAL DESCRIPTION
Extent 208 ص
Dimensions 22 س م (Hb)
650 ## - SUBJECT ADDED ENTRY--TOPICAL TERM
Source of heading or term critisim
9 (RLIN) 12786
700 ## - ADDED ENTRY--PERSONAL NAME
9 (RLIN) 13044
Personal name جاویدحبیب
942 ## - ADDED ENTRY ELEMENTS (KOHA)
Source of classification or shelving scheme Dewey Decimal Classification
Item type Urdu Bks
Classification part 843.08
Call number suffix ع ل ی
Holdings
Withdrawn status Lost status Source of classification or shelving scheme Damaged status Not for loan Collection code Home library Current library Date acquired Source of acquisition Cost, normal purchase price Total Checkouts Full call number Barcode Date last seen Copy number Cost, replacement price Koha item type
    Dewey Decimal Classification   Not For Loan Non-fiction D.B.Act.Division D.B.Act.Division 19/08/2010 DBAD/PUB 400.00   841 ا ط ی U-6336 19/08/2010 1 400.00 Urdu Bks

© Delhi Public Library
Hit Counter
free hit counter